00417pab a2200145 454500008004000000100001800040245008900058260000900147300001200156362001100168650001600179650003700195650002200232773001700254180718b2001 xxu||||| |||| 00| 0 eng d aBerger, Heinz aThe role of the village in the 21st century: global dialogue at EXPO 2000 in Hanover c2001 ap.14-15 a20 Jan aRural areas aRural development - 21st century aRural development aYoung Indian